Property in a portfolio context: papers presented at a series of technical seminars held by the Society of Property Researchers and the Royal Institution of Chartered Surveyors in Spring 1991. (Record no. 93615)

MARC details
000 -LEADER
fixed length control field 01225cam a2200229 4500
008 - FIXED-LENGTH DATA ELEMENTS--GENERAL INFORMATION
fixed length control field 090401t1992 xxu||||| |||| 00| 0 eng d
020 ## - INTERNATIONAL STANDARD BOOK NUMBER
International Standard Book Number 0854065342
035 ## - SYSTEM CONTROL NUMBER
System control number (Sirsi) u55472
041 ## - LANGUAGE CODE
Language code of text/sound track or separate title eng
050 ## - LIBRARY OF CONGRESS CALL NUMBER
Classification number 332.6324
110 ## - MAIN ENTRY--CORPORATE NAME
Corporate name or jurisdiction name as entry element Society of Property Researchers
9 (RLIN) 23
245 ## - TITLE STATEMENT
Title Property in a portfolio context: papers presented at a series of technical seminars held by the Society of Property Researchers and the Royal Institution of Chartered Surveyors in Spring 1991.
260 ## - PUBLICATION, DISTRIBUTION, ETC.
Place of publication, distribution, etc. London
Name of publisher, distributor, etc. RICS
Date of publication, distribution, etc. 1992
300 ## - PHYSICAL DESCRIPTION
Extent i,68p. ; 30cm.
350 ## - PRICE (NR) (BK AM CF MU VM SE) [OBSOLETE]
Price 7.95
520 ## - SUMMARY, ETC.
Summary, etc. Papers :- Emerging concepts for the management of portfolios and the role of research/ LEE, STEPHEN - Modern portfolio theory: fact and fantasy/ BARBER, COLIN - The risk of property investment/ RODNEY, WILLIAM & RYDIN, YVONNE - Risk management in investment property portfolios/ CULLEN, IAN - Real estate portfolio management: from theory to practice/ HUDSON-WILSON, SUSAN , edited by Colin Lizieri and John Gellatly.
650 ## - SUBJECT ADDED ENTRY--TOPICAL TERM
Topical term or geographic name entry element PROPERTY INVESTMENT
690 ## - LOCAL SUBJECT ADDED ENTRY--TOPICAL TERM (OCLC, RLIN)
Topical term or geographic name as entry element PROPERTY-COMMERCIAL PROPERTY-COMMERCIAL PROPERTY FINANCE AND INVESTMENT
710 ## - ADDED ENTRY--CORPORATE NAME
Corporate name or jurisdiction name as entry element Royal Institution of Chartered Surveyors
9 (RLIN) 4900
942 ## - ADDED ENTRY ELEMENTS (KOHA)
Suppress in OPAC 0
948 ## - LOCAL PROCESSING INFORMATION (OCLC); SERIES PART DESIGNATOR (RLIN)
c (OCLC) 04/03/1997
Holdings
Withdrawn status Lost status Source of classification or shelving scheme Damaged status Not for loan Home library Current library Shelving location Date acquired Total Checkouts Full call number Barcode Date last seen Copy number Price effective from Koha item type Cost, normal purchase price Date last checked out Cost, replacement price
    Dewey Decimal Classification     London London RICS Boxes 17/11/2003   RICS 1992/96 30052862 06/08/2019 1 06/08/2019 Archive      
    Dewey Decimal Classification     London London RICS Boxes 29/04/1992 1 RICS 1992/96 30033447 06/08/2019 2 06/08/2019 Book 7.95 11/04/2002 7.95
    Dewey Decimal Classification     London London RICS Boxes 29/04/1992 9 RICS 1992/96 30033445 06/08/2019 3 06/08/2019 Book 7.95 30/03/2007 7.95